LIBRARY & INFORMATION CENTRE, KCAET, TAVANUR

ONLINE PUBLIC ACCESS CATALOGUE (OPAC)

Small scale irrigation: A Manual of low cost water technology / (Record no. 6770)

MARC details
000 -LEADER
fixed length control field 00452cam a2200169ua 4500
041 ## - LANGUAGE CODE
Language code of text/sound track or separate title eng
082 ## - DEWEY DECIMAL CLASSIFICATION NUMBER
Classification number 627.52
Item number STE/SM
100 ## - MAIN ENTRY--AUTHOR NAME
Personal name Stern, Peter H .
245 ## - TITLE STATEMENT
Title Small scale irrigation: A Manual of low cost water technology /
250 ## - EDITION STATEMENT
Edition statement 1 /
260 ## - PUBLICATION, DISTRIBUTION, ETC. (IMPRINT)
Place of publication Jodhpur :
Name of publisher Scientific Publishers ,
Year of publication 1990.
300 ## - PHYSICAL DESCRIPTION
Number of Pages 152 ; .
500 ## - GENERAL NOTE
General note 16898 Ref
942 ## - ADDED ENTRY ELEMENTS (KOHA)
Koha item type Books
Holdings
Withdrawn status Lost status Damaged status Home library Current library Date acquired Full call number Accession Number Koha item type
      KAUAET KAUAET 07/04/2012 627.52 16898 Reference
free website counter